000 00459nam a2200181Ia 4500
003 OSt
005 20260114145512.0
008 210210b xxu||||| |||| 00| 0 eng d
040 _cAL
041 _aKannada
082 _a859/993
100 _aNARAYANA
_989125
_dನಾರಾಯಣ
245 _aKapadidavaryaru ಕಾಪಾಡಿದವರ್ಯಾರು
260 _aBengaluru
_b-
690 _aKannada Fiction
_989126
906 _a021741
942 _2ddc
_cBK
999 _c145841
_d145841